000 00983nam a2200253 a 4500
001 BRCA_8814
005 20190320210425.0
008 250417s1773----sp-#######---#000-0#spa-#
041 _aspa
044 _asp
084 _aBE195
_b.B63 1773
100 1 _aBocanegra y Xibaja, Francisco Alexandro De
_921964
245 1 0 _aSermones
_cde ilustrísimo señor D. Francisco Alexandro de Bocangra y Xibaja; tomo I; segunda edición.
250 _a2a ed.
260 _aMadrid
_bPor D. Joachin Ibarra, Impresor de Cámara de S.M.
_c1773
300 _aXXVI, 381 p. (t.1)
_c15.5 x 10 cm
500 _aCon las licencias necesarias
500 _aEn portada: Se hallará en casa de Manuel de Godos en las Gradas de S. Felipe el Real
500 _aEstado físico: presenta encuadernación en pergamino, con lomo despegado y presencia del pez de plata
650 1 4 _aSermones
_yObras anteriores a 1800
_921369
710 2 _aIbarra, Joachin
_eImpresor
_921965
902 _aCFM
942 _2lcc
_cB
999 _c8465
_d8465